Quy định về thẩm quyền xử phạt hành chính đối với cấp cơ sở
Wedi'i Gadw mewn:
| Prif Awdur: | |
|---|---|
| Fformat: | Llyfr |
| Iaith: | Undetermined |
| Cyhoeddwyd: |
H.
Lao Động
2001
|
| Pynciau: | |
| Tagiau: |
Ychwanegu Tag
Dim Tagiau, Byddwch y cyntaf i dagio'r cofnod hwn!
|
| Thư viện lưu trữ: | Trung tâm Học liệu Trường Đại học Cần Thơ |
|---|
| LEADER | 00588nam a2200181Ia 4500 | ||
|---|---|---|---|
| 001 | CTU_52362 | ||
| 008 | 210402s9999 xx 000 0 und d | ||
| 020 | |b 48000 | ||
| 082 | |a 351.597 | ||
| 082 | |b S464 | ||
| 100 | |a Trần Nam Sơn | ||
| 245 | 0 | |a Quy định về thẩm quyền xử phạt hành chính đối với cấp cơ sở | |
| 245 | 0 | |c Trần Nam Sơn và Lê Hải Anh | |
| 260 | |a H. | ||
| 260 | |b Lao Động | ||
| 260 | |c 2001 | ||
| 650 | |a administrative law,public administration | ||
| 980 | |a Trung tâm Học liệu Trường Đại học Cần Thơ | ||